New horizonts in linguistics
Uloženo v:
| Hlavní autor: | |
|---|---|
| Médium: | Kniha |
| Jazyk: | English |
| Vydáno: |
Great Britain
Penguin Books
1975
|
| Témata: | |
| Tagy: |
Přidat tag
Žádné tagy, Buďte první, kdo vytvoří štítek k tomuto záznamu!
|
MARC
| LEADER | 00000nam a2200000Ia 4500 | ||
|---|---|---|---|
| 008 | 170316s9999 xx 000 0 eng d | ||
| 040 | |a cru BVZT | ||
| 090 | |a 410 L-23n | ||
| 100 | |a Lyons, John (editor) | ||
| 245 | |a New horizonts in linguistics |c John Lyons | ||
| 260 | |a Great Britain | ||
| 260 | |b Penguin Books | ||
| 260 | |c 1975 | ||
| 300 | |a 366 páginas | ||
| 650 | 0 | |a LINGÜÍSTICA |9 55 | |
| 650 | 0 | |a EN IDIOMA INGLÉS |9 129 | |
| 999 | |c 18548 |d 18548 | ||
| 942 | |c LIB |h 410 L-23n |2 z | ||
